000 00351nam a2200157Ia 4500
003 OSt
005 20240208125302.0
008 170524s9999 xx 000 0 und d
020 _a9788188805341
040 _cIIMT
100 _aDawar
245 0 _aLife and the perils of environment
260 _bS.R. scintific
260 _c2006
942 _2ddc
_c02
999 _c7520
_d7520